Homosexual behavior among males

שמור ב:
מידע ביבליוגרפי
מחבר ראשי: Churchill, Wainwright
פורמט: ספר
שפה:אנגלית
תגים: הוספת תג
אין תגיות, היה/י הראשונ/ה לתייג את הרשומה!

MARC

LEADER 00000nam a2200000 4500
001 CDOM0000002652
003 mi
005 20250825095318.0
008 250825b |||||||| |||| 00| 0 eng d
040 |c mi 
100 |a Churchill, Wainwright 
245 1 |a Homosexual behavior among males  
942 |2 ddc  |c BK 
952 |0 0  |1 0  |2 ddc  |4 0  |7 0  |9 6122  |a MI  |b MI  |d 1988-02-18  |i 819  |l 0  |p CDOM819  |r 2025-07-13 16:28:00  |w 2025-07-13  |x ACQUISTO  |y BK 
999 |c 4893  |d 4893